000 00668nam a22002057a 4500
005 20100806143115.0
010 _aENG-98529
020 _c55.00
035 _aEN-82062
037 _bDBAD/PUB
082 _a332.408
100 _aChitra, I
_97794
245 _aMonetary economics /
_cby I Chitra
260 _aChennai
_bVLM Publications
_c2007
270 _a71, Mounaswamy Madam Street
_bChennai
_e53
300 _a132p.
_c20cm (pbk)
650 _aMonetary Policy
_97795
942 _2ddc
_cEN
_h332.408
_mCHI
999 _c39797
_d39797